La independencia de Bolivia

Na minha lista:
Detalhes bibliográficos
Autor principal: Siles Salinas, Jorge (Author)
Formato: Livro
Idioma:espanhol
Publicado em: Madrid MAPFRE 1992
Colecção:Colección independencia de Iberoamérica, 10
Assuntos:
Tags: Adicionar Tag
Sem tags, seja o primeiro a adicionar uma tag!

MARC

LEADER 00000nam a2200000 a 4500
001 UCX6616
003 CL-VaPUC
008 930730e19920000SP |||||||||||||||||spa|d
082 0 4 |a 984.04  |b SIL  |2 21 
100 0 |a Siles Salinas, Jorge  |e author  |9 323202 
245 1 3 |a La independencia de Bolivia 
300 |a 406 p 
942 |c BK 
945 |d 19930730 00:00:00 
260 |a Madrid  |b MAPFRE  |c 1992 
650 7 |a HISTORIA GUERRA DE INDEPENDENCIA 1809-1825  |2 CL-VaPUC  |9 323203 
650 7 |a POLITICA Y GOBIERNO SIGLO 19  |2 CL-VaPUC  |9 323158 
651 0 |a Bolivia  |9 255454 
583 |a last modification  |c 19930730 00:00:00  |k Rodrigo Vera 
490 0 |a Colección independencia de Iberoamérica, 10 
999 |c 226611  |d 226609 
952 |0 0  |1 0  |4 0  |6 984_040000000000000_SIL_1992  |7 0  |8 A  |9 225114  |a BIBHIS  |b BIBHIS  |d 2019-11-15  |i 293812K  |o 984.04 SIL 1992  |p 293812K  |r 2025-01-20  |w 2019-11-15  |y BK  |k HIS